| 000 | 00822nmm a2200325 a 4500 | ||
|---|---|---|---|
| 003 | AR-BaBNM | ||
| 005 | 20251128204828.0 | ||
| 008 | 076019s1993 ||||||||||||||000 | spa|| | ||
| 040 | _cAR-BaBNM | ||
| 100 | 1 | _aRuíz de los Llanos, Gabriel | |
| 245 | 1 | 0 | _aVida de Antonio D'Alessandro |
| 260 |
_aBuenos Aires _bDel nuevo amanecer _c1993 |
||
| 300 | 0 | _a266 p. | |
| 504 | _aBibliografía en p. 263-265 | ||
| 600 | 1 | 4 | _aCanaro, Francisco |
| 650 | 4 | _aMUSICA POPULAR | |
| 650 | 4 | _aCULTURAS ARTISTICAS | |
| 650 | 4 | _aSUBCULTURAS | |
| 650 | 4 | _aCANTANTES | |
| 650 | 4 | _aMUSICOS | |
| 650 | 4 | _aORQUESTAS | |
| 650 | 4 | _aINSTRUMENTOS MUSICALES | |
| 650 | 4 | _aBIOGRAFIAS | |
| 651 | 4 | _aBuenos Aires [Provincia] | |
| 653 | 0 | _aTANGO | |
| 653 | 0 | _aLUNFARDO | |
| 655 | _aBIOGRAFIAS | ||
| 942 | _cBK | ||
| 998 | _cEnrique | ||
| 999 |
_c8971 _d8971 |
||